Một số vấn đề về kê biên tài sản để đảm bảo thi hành án /

Đã lưu trong:
书目详细资料
主要作者: Kiều Cao Chung.
格式: Bài viết
语言:Vietnamese
主题:
标签: 添加标签
没有标签, 成为第一个标记此记录!
Thư viện lưu trữ: Thư viện Trường Đại học Đà Lạt
LEADER 00820nam a2200277 4500
001 DLU090090710
005 ##20090526
040 # # |a DLU  |b vie 
041 # # |a vie 
044 # # |a vn 
100 # # |a Kiều Cao Chung. 
245 # # |a Một số vấn đề về kê biên tài sản để đảm bảo thi hành án /  |c Kiều Cao Chung. 
653 # # |a Đảm bảo 
653 # # |a Kê biên tài sản 
653 # # |a Pháp lệnh thi hành án 
653 # # |a Thi hành án 
773 # # |t Nhà nước và pháp luật  |g Số 4, 2001, tr. 36-46 
920 # # |a Phòng Tạp chí -- Trung tâm Thông tin - Thư viện Trường Đại học Đà Lạt 
994 # # |a DLU 
900 # # |a True 
911 # # |a Nguyễn Thị Mai Anh 
925 # # |a G 
926 # # |a A 
927 # # |a BB 
980 # # |a Thư viện Trường Đại học Đà Lạt